Personnages de Bleach par images - Statistiques

Statistiques générales
  • Ce quiz a été pris 1 804 fois
  • Le résultat moyen est 15 sur 20
Statistiques - réponses
Par images Réponse % Correct
Ichigo Kurosaki
100%
Sosuke Aizen
97%
Rukia Kuchiki
89%
Orihime Inoue
87%
Kenpachi Zaraki
86%
Byakuya Kuchiki
82%
Yoruichi Shihôin
80%
Renji Abarai
78%
Kisuke Urahara
76%
Ulquiorra Schiffer
73%
Gin Ichimaru
72%
Kon
72%
Grimmjow Jaggerjack
71%
Tôshirô Hitsugaya
71%
Uryū Ishida
70%
Sado Yasutora
63%
Kaname Tōsen
60%
Mayuri Kurotsuchi
59%
Yhwach
57%
Gremmy Thoumeaux
40%
Aucun quiz correspondant
Distribution des résultats
% des personnes avec chaque résultat
Percentile par nombre de réponses
Votre historique - résultats
Vous n’avez pas pris ce quiz